Statystyki dla Flagi państw z najwyższym procentem zieleni

Kliknij tutaj aby rozwiązać quiz!

Ogólne statystyki

  • Ten quiz został rozwiązany 12 113 razy
  • Średni wynik to 10 z 15

Statystyki odpowiedzi

Odpowiedź% Poprawnych
Brazylia
99%
Arabia Saudyjska
98%
Nigeria
93%
Pakistan
87%
Algieria
86%
Bangladesz
86%
Turkmenistan
71%
Zambia
69%
Dominika
63%
Burkina Faso
61%
Togo
57%
Mauretania
55%
Gujana
46%
Wyspy Salomona
37%
Wyspy Świętego Tomasza i Książeca
37%

Rozkład punktacji

Percentyl według liczby udzielonych odpowiedzi

Procent ludzi z każdym wynikiem

Twoja historia wyników

Nie rozwiązałeś tego quizu